1888 1886 1641 1435 1323 1882 1078 1061 1014 1685 1417 1053 1246 1698 1193 1946 1153 1566 1982 1411 1735 1943 1286 1566 1681 1270 1971 1130 1926 1695 1528 1200 1471 1476 1767 1757 1179 1314 1704 1766 1131 1483 1360 1318 1441 1405 1654 1650 1370 1576 1012 1638 1033 1657 1833 1122 1459 1065 1218 1104 1396 1627 1114 1174 1403 1622 1084 1607 1212 1854 1686 1007 1581 1965 1456 1458 1579 1903 1363 1178 1828 1182 1060 1028 1052 1316 1859 1885 1397 1239 1918 1706 1782 1189 1685 1911 1166 1423 1882 BCNSPRNW ULIB Ver.6.0+V

เปลี่ยนเป็นภาษาไทย

Change to English
 แสดงรายละเอียดบรรณานุกรม
  กลับหน้าหลัก

Brief Record : Get Marc (ISO 2709) : E-mail record : QR code < ปิดหน้าต่าง
LEADER : 00000nam 2200000uu 4500
001    13399111623
003     ULIB
008    110704s2547||||th 000 0 tha d
020    9749507606
020    9789749507605
060 04 QV77.2^bม456ค 2547
100 0  มาโนช หล่อตระกูล
245 10 คู่มือการใช้ยาทางจิตเวช /^cมาโนช หล่อตระกูล
250    พิมพ์ครั้งที่ 2
260    กรุงเทพฯ :^bหมอชาวบ้าน,^c2547
300    172 หน้า ;^c21 ซม.
650  7 ยารักษาทางระบบประสาทและจิต
650  7 จิตเภสัชวิทยา
945    ^p150^l0^i24213
995    กัณชพร
999    ^aใช้งานได้ทุกระบบ
รายการนี้ยังไม่มีแท็ก
คุณยังไม่ได้ล็อกอิน คุณสามารถมีกิจกรรมร่วมกับเว็บไซต์ได้ แต่ต้องล็อกอินก่อน ::
  ล็อกอิน

รายการสื่อสารสนเทศ

ลำดับที่ ประเภท เลขเรียก/บาร์โค้ด สถานที่ สถานะ
- ไม่พบข้อมูล -

รายการใกล้เคียง
    ผู้แต่ง [มาโนช หล่อตระกูล]

    หัวเรื่อง [ยารักษาทางระบบประสาทและจิต]
    หัวเรื่อง [จิตเภสัชวิทยา]

BibComment


ยังไม่เคยถูกคอมเมนท์

คอมเมนท์ทรัพยากรรายการนี้
  คอมเมนท์: คู่มือการใช้ยาทาง..


 Copyright 2026. Bcnsprnw @Library